1305 1478 1517 1116 1196 1101 1623 1063 1939 1987 1179 1714 1116 1500 1254 1255 1274 1034 1074 1178 1981 1899 1490 1952 1061 1953 1915 1468 1749 1465 1786 1563 1454 1851 1747 1799 1308 1331 1660 1226 1220 1962 1846 1166 1398 1598 1352 1243 1758 1335 1123 1232 1832 1229 1846 1211 1635 1200 1603 1074 1998 1185 1834 1156 1523 1095 1626 1077 1892 1948 1763 1802 1332 1878 1368 1937 1625 1716 1550 1049 1363 1720 1473 1445 1104 1101 1552 1264 1906 1820 1095 1640 1878 1179 1227 1501 1374 1579 1017 BCNSPRNW ULIB Ver.6.0+V

เปลี่ยนเป็นภาษาไทย

Change to English
 แสดงรายละเอียดบรรณานุกรม
  กลับหน้าหลัก

Brief Record : Get Marc (ISO 2709) : E-mail record : QR code < ปิดหน้าต่าง
LEADER : 00000nam 2200000uu 4500
001    13399120961
003     ULIB
008    020711s2549 th a 000 0 tha d
060  4 WS103^bศ819น
110    ศูนย์นมแม่แห่งประเทศไทย
245    นมแม่ทุนสมองของลูก /^cศูนย์นมแม่แห่งประเทศไทย
260    กรุงเทพฯ :^bศูนย์นมแม่แห่งประเทศไทย,^c2549
300    39 หน้า
945    ^p0^l0^i24200
945    ^p0^l0^i24202
945    ^p0^l0^i24204
945    ^p0^l0^i24205
945    ^p0^l0^i24206
945    ^p0^l0^i24207
999    ^aทศพร เกษรทอง
รายการนี้ยังไม่มีแท็ก
คุณยังไม่ได้ล็อกอิน คุณสามารถมีกิจกรรมร่วมกับเว็บไซต์ได้ แต่ต้องล็อกอินก่อน ::
  ล็อกอิน

รายการสื่อสารสนเทศ

ลำดับที่ ประเภท เลขเรียก/บาร์โค้ด สถานที่ สถานะ
1. วิทยาศาสตร์การแพทย์ และสุขภาพ
วิทยาศาสตร์การแพทย์ และสุขภาพ
WS103 ศ819น ฉ.1 
  Barcode: 24200
ห้องสมุดวิทยาเขตสวรรค์ประชารักษ์
►หนังสือทั่วไป
บนชั้น
2. วิทยาศาสตร์การแพทย์ และสุขภาพ
วิทยาศาสตร์การแพทย์ และสุขภาพ
WS103 ศ819น ฉ.2 
  Barcode: 24202
ห้องสมุดวิทยาเขตสวรรค์ประชารักษ์
►หนังสือทั่วไป
บนชั้น
3. วิทยาศาสตร์การแพทย์ และสุขภาพ
วิทยาศาสตร์การแพทย์ และสุขภาพ
WS103 ศ819น ฉ.3 
  Barcode: 24204
ห้องสมุดวิทยาเขตสวรรค์ประชารักษ์
►หนังสือทั่วไป
บนชั้น
4. วิทยาศาสตร์การแพทย์ และสุขภาพ
วิทยาศาสตร์การแพทย์ และสุขภาพ
WS103 ศ819น ฉ.4 
  Barcode: 24205
ห้องสมุดวิทยาเขตสวรรค์ประชารักษ์
►หนังสือทั่วไป
บนชั้น
5. วิทยาศาสตร์การแพทย์ และสุขภาพ
วิทยาศาสตร์การแพทย์ และสุขภาพ
WS103 ศ819น ฉ.5 
  Barcode: 24206
ห้องสมุดวิทยาเขตสวรรค์ประชารักษ์
►หนังสือทั่วไป
บนชั้น
6. วิทยาศาสตร์การแพทย์ และสุขภาพ
วิทยาศาสตร์การแพทย์ และสุขภาพ
WS103 ศ819น ฉ.6 
  Barcode: 24207
ห้องสมุดวิทยาเขตสวรรค์ประชารักษ์
►หนังสือทั่วไป
บนชั้น

BibComment


ยังไม่เคยถูกคอมเมนท์

คอมเมนท์ทรัพยากรรายการนี้
  คอมเมนท์: นมแม่ทุนสมองของลู..


 Copyright 2026. Bcnsprnw @Library